Κοινωνική ψυχολογία
Αποθηκεύτηκε σε:
| Κύριος συγγραφέας: | |
|---|---|
| Μορφή: | Βιβλίο |
| Γλώσσα: | Greek |
| Δημοσίευση: |
Αθήνα :
[Δ. Γεώργας],
1986
|
| Θέματα: | |
| Ετικέτες: |
Προσθήκη ετικέτας
Δεν υπάρχουν, Καταχωρήστε ετικέτα πρώτοι!
|
MARC
| LEADER | 00000cam a2200000 i 4500 | ||
|---|---|---|---|
| 001 | 1/89331 | ||
| 008 | 960923s1986 gr | ||| |||| ||gre|| | ||
| 035 | |a 1990 |b 3 |c Ναζίρη |l 10035723 | ||
| 040 | |a GR-MY-UA |b gre |e aacr | ||
| 041 | 0 | |a gre | |
| 082 | 0 | |a 302 | |
| 100 | 1 | |a Γεώργας, Δημήτριος. | |
| 245 | 1 | 0 | |a Κοινωνική ψυχολογία / |c Δ. Γεώργας |
| 260 | |a Αθήνα : |b [Δ. Γεώργας], |c 1986 | ||
| 300 | |a 2 τ. | ||
| 650 | 0 | 0 | |a Social psychology. |
| 650 | 0 | 0 | |a Interpersonal relations. |
| 650 | 0 | 0 | |a Social groups. |
| 650 | 0 | 0 | |a Stereotype (Psychology) |x Social perceptions. |
| 852 | |a INST |b RHODES |e 19960923 |h 302 ΓΕΩ |p 005400007936 |q 005400007936 |t BK |y 0 |z τ.2 | ||
| 852 | |a INST |b RHODES |e 19960923 |h 302 ΓΕΩ |p 005400007937 |q 005400007937 |t BK |y 4 |x 20200427 |z τ.1 | ||
| 852 | |a INST |b RHODES |e 19960923 |h 302 ΓΕΩ |p 005400007936 |q 005400007936 |t BK |v τ.2: |y 0 |z τ.2 | ||
| 852 | |a INST |b RHODES |e 19960923 |h 302 ΓΕΩ |p 005400007937 |q 005400007937 |t BK |v τ.1: |y 4 |x 20200427 |z τ.1 | ||
| 853 | |a INST |b RHODES |h 302 ΓΕΩ | ||
| 909 | |a Ρ |b 018133 |c 1990 | ||
| 909 | |a Ρ |b 018134 |c 1990 | ||